000 00932nam2a22002531 4500
001 RU\NLR\Per\770551
005 20250617190109.0
035 _a(NLR Aleph) 003015990
090 _a1823000
_c1823000
100 _a20110525d2010 |||y0rusy50 ca
101 0 _arus
102 _aRU
105 _ay |||||||||
200 0 _aВып. 11
210 _d2010
_aБ. м.
461 0 _1001RU\NLR\INFOCOMM55\1000022635
_12001#$aКоркина слобода$eИст.-краевед. альм.$fАдминистрация г. Ишима и др.$vВып. 11
_92288874
_cИшим
_d1999 -
_fАдминистрация г. Ишима и др.
_nИзд-во ИГПИ
_oИст.-краевед. альм.
_tКоркина слобода
_vВып. 11
801 1 _aRU
_bInfoComm
_c20040402
801 0 _aRU
_bNLR
_gPSBO
801 2 _aRU
_bNLR
_c20080827
_2rusmarc
852 _aNLR
_jП23/5009
942 _cISSUE
980 _aNB
980 _aRUSPER